000 00652nam a2200181Ia 4500
008 151202s9999||||xx |||||||||||||| ||und||
082 _bPNVM-52881
100 _aदादूमिया.
245 _aदलितस्थान झालेच पाहिजे.
260 _b"श्रीविशाखा प्रकाशन,पुणे."
260 _c1982
300 _a192
600 _aदादूमिया.
630 _aदलितस्थान झालेच पाहिजे.
700 _aदादूमिया.
730 _aदलितस्थान झालेच पाहिजे.
942 _cBOOK
999 _c1319420
_d1319417